[Event "Budapest FS12 FM-B"]
[Site "Budapest"]
[Date "2011.12.11"]
[Round "9"]
[White "Naghib, Parisa"]
[Black "Wanger, Tamas"]
[Result "0-1"]
[WhiteElo "1653"]
[BlackElo "1846"]
[PlyCount "94"]
[EventDate "2011.12.03"]
[EventType "tourn"]
[EventRounds "11"]
[EventCountry "HUN"]
[SourceTitle "CBM 145 Extra"]
[Source "ChessBase"]
[SourceDate "2012.01.03"]
[SourceVersion "1"]
[SourceVersionDate "2012.01.03"]
[SourceQuality "1"]

1. e4 e6 2. d4 d5 3. Nc3 Nf6 4. e5 Nfd7 5. f4 c5 6. Nf3 Nc6 7. Be3 Qb6 8. Na4 Qa5+ 9. c3 cxd4 10. b4 Nxb4 11. cxb4 Bxb4+ 12. Bd2 Bxd2+ 13. Nxd2 f6 14. exf6 Nxf6 15. Nb2 Ne4 16. Qa4+ Qxa4 17. Nxa4 0-0 18. g3 b6 19. Nb3 Nc3 20. Nb2 Re8 21. Nd3 Ba6 22. Ne5 Bxf1 23. Rxf1 Nb5 24. a4 Nd6 25. Nxd4 Rac8 26. Rf2 Nc4 27. Re2 Nxe5 28. Rxe5 Kf7 29. Kd2 a6 30. Rb1 Rc4 31. Rxb6 Rxd4+ 32. Kc3 Rxa4 33. Kb3 Ra5 34. Kb4 Rb5+ 35. Rxb5 axb5 36. Kxb5 Rc8 37. Re2 Kf6 38. Kb4 h6 39. h3 Rc4+ 40. Kb3 Re4 41. Rxe4 dxe4 42. Kc4 e5 43. fxe5+ Kxe5 44. Kc3 Kd5 45. Kd2 Kd4 46. g4 g5 47. Ke2 e3 0-1